000 00503nam a2200169Ia 4500
003 GCL
008 140319s9999 xx 000 0 ara d
040 _aGCL /
_cGCL
082 0 4 _a832
_bج ن
100 1 _aمصطفى ماهر
_vAnnotator
_@
…علق
245 1 0 _aنزوه العاشق /
_cمصطفى ماهر
700 1 _aجوته، يوهان فولفجانج
490 _aمسرحيات عالمية
_v0
650 0 4 _aالمسرحيات
650 0 4 _aالمجموعات
942 _2ddc
_cBK
999 _c41449
_d41449